| 000 | 01052nam a2200289 i 4500 | ||
|---|---|---|---|
| 003 | DO-SdBNP | ||
| 005 | 20240808153355.0 | ||
| 006 | a||||gr|||| 00| 0 | ||
| 007 | ta | ||
| 008 | 240808t2009 ven||||| |||| 00| e spa d | ||
| 020 | _a9789800119617 | ||
| 040 |
_aDO-SdBNP _bspa _cBNPHU _erda |
||
| 082 | 4 |
_222 _bD542e 2013 |
|
| 100 | 1 |
_aDíaz Polanco, Héctor, _d1944- _92421 _eautor |
|
| 245 | 1 | 0 |
_aElogio de la diversidad: _bglobalización, multiculturalismo y etnofagia / _cHéctor Díaz-Polanco; editor, Silvia Gutiérrez González. |
| 250 | _aSegunda edición. | ||
| 264 | 1 |
_aCaracas, Venezuela : _bMonte Ávila Editores Latinoamericana, _c2013 |
|
| 300 |
_ax, 222 páginas completadas : _c23 cm. |
||
| 336 |
_2rdacontent _atexto _btxt |
||
| 337 |
_2rdamedia _asin mediación _bn |
||
| 338 |
_2rdacarrier _avolumen _bnc |
||
| 490 | 0 | _amileniolibre | |
| 500 | _aIncluye referencias bibliográficas y notas al pie de las páginas. | ||
| 590 | _aInventariado, 2024 / MF | ||
| 700 | 1 |
_aGutiérrez González, Silvia, _986024 _eeditor |
|
| 942 |
_2ddc _cLBS1 |
||
| 999 |
_c57393 _d57393 |
||